000 00386nam a22001697a 4500
005 20180625113754.0
008 160615b xxu||||| |||| 00| 0 eng d
020 _a978-0-07-069680-2
041 _aeng
082 _b7748
_a658
100 _aLeon, Alexis
_94403
245 _aEnterprise resource planning
260 _bTMH
300 _a361
650 _aManagement
_9241
942 _cBK
999 _c2770
_d2769